| 000 | 00527nam a2200181Ia 4500 | ||
|---|---|---|---|
| 008 | 140626s9999 xx 000 0 und d | ||
| 100 | _aHuang, Fu-Jung. | ||
| 245 |
_aEffects of Hatha yoga on stress in middle-aged women / _cFu-Jung Huang ... [et al.]. |
||
| 260 | _cc2013. | ||
| 300 | _a21 : 1, page 59 | ||
| 440 | _aThe Journal of Nursing Research (JNR) | ||
| 521 | _aNUR | ||
| 650 | _aHatha yoga. | ||
| 650 | _aHeart rate variability. | ||
| 650 | _aMiddle-aged women. | ||
| 650 | _aPerceived stress. | ||
| 942 | _cSE | ||
| 999 |
_c121398 _d121398 |
||